000 00514nam a2200181Ia 4500
999 _c19481
_d19481
003 OSt
005 20200609154620.0
008 190216s9999||||xx |||||||||||||| ||und||
020 _a0876922280
040 _coclc
082 _a370.78
_bBES/R
100 _aBest, John W
_92714
245 0 _aResearch In Education /
_c John W Best
250 _a4th Ed.
260 _bPrentice Hall Of India Pvt Ltd,
_c1983.
_aNew Delhi:
300 _a431p
942 _cBK
_2ddc
_h370.78
_iBES/R
_k370.78
_mBES/R